| 000 | 00431nam a2200157 i 4500 | ||
|---|---|---|---|
| 001 | 102226 | ||
| 003 | ES-MaACL | ||
| 005 | 20230906183051.0 | ||
| 007 | t| | ||
| 008 | 051107s1935 bo ||||1| spa d | ||
| 100 | 1 |
_aMendoza, Jaime. _980250 |
|
| 245 | 1 | 3 |
_aEl macizo boliviano / _cJaime Mendoza. |
| 260 |
_aLa Paz (Bolivia) : _b[s.n.], _c1935 ( _fImp. ArnĂ³ Hermanos) |
||
| 300 |
_a277 p. ; _c20 cm. |
||
| 852 |
_aES-MaACL _jA-4382 |
||
| 999 |
_c102226 _d102226 |
||